000 00661nam a2200181Ia 4500
008 151018s9999 xx 000 0 und d
082 _bRBASDV23352
_a891.464
100 _aरा ग जाधव
245 _aडोह्कळीमयात डोकावतांना
250 _b1
260 _bकॉन्टिनेन्टल प्रका. पुणे
_c1988
300 _a130
600 _aरा ग जाधव
630 _aडोह्कळीमयात डोकावतांना
700 _aरा ग जाधव
730 _aडोह्कळीमयात डोकावतांना
942 _cBOOK
999 _c1023008
_d1023005